[Event "England Cricket Team Tribute"]
[Site "SchemingMind.com"]
[Date "2015.07.12"]
[Round "-"]
[White "fu_manchu"]
[Black "emvarela"]
[Result "1-0"]
[WhiteCountry "CAN"]
[BlackCountry "ARG"]
[WhiteElo "1816"]
[WhiteRD "71"]
[BlackElo "1700"]
[BlackRD "49"]
[GameID "383062"]

1. e4 e5 2. Nf3 Nc6 3. Bb5 a6 4. Ba4 Nf6 5. O-O Be7 6. c3 O-O 7. Re1 d6 8. d4 Bd7 9. d5 Na7 10. Bc2 c6
11. Na3 cxd5 12. exd5 Nb5 13. Nc4 Qc7 14. Ne3 h6 15. c4 Na7 16. Bd2 b5 17. b3 bxc4 18. bxc4 Rfc8 19. h3 Rab8 20. Qe2 e4
21. Nd4 Ne8 22. Bxe4 Rb2 23. Qd3 Bf6 24. Bc3 Bxd4 25. Bxd4 Rbb8 26. Rac1 Rb7 27. c5 Bb5 28. Qc3 dxc5 29. Be5 Qd8 30. d6 f6
31. Bxb7 fxe5 32. Bxc8 Qxc8 33. Nd5 Qd7 34. Qxe5 Nxd6 35. Ne7+ Kh7 36. Rcd1
1-0

[Event "England Cricket Team Tribute"]
[Site "SchemingMind.com"]
[Date "2015.07.07"]
[Round "-"]
[White "Phillip Beckett"]
[Black "fu_manchu"]
[Result "0-1"]
[WhiteCountry "ENG"]
[BlackCountry "CAN"]
[WhiteElo "1543"]
[WhiteRD "50"]
[BlackElo "1797"]
[BlackRD "74"]
[GameID "383063"]

1. e4 c6 2. d4 d5 3. Nc3 dxe4 4. Nxe4 Bf5 5. Ng3 Bg6 6. Nf3 e6 7. c3 Nf6 8. Bd3 Bxd3 9. Qxd3 Bd6 10. Bg5 Nbd7
11. O-O-O b5 12. Ne4 Be7 13. Nxf6+ Nxf6 14. Ne5 Qd5 15. Kb1 O-O 16. Qg3 Ne4 17. Qe3 Bxg5 18. Qf3 Nd2+ 19. Rxd2 Bxd2 20. Qd3 Bg5
0-1

[Event "England Cricket Team Tribute"]
[Site "SchemingMind.com"]
[Date "2015.07.07"]
[Round "-"]
[White "fu_manchu"]
[Black "Uzi Mike"]
[Result "1-0"]
[WhiteCountry "CAN"]
[BlackCountry "USA"]
[WhiteElo "1816"]
[WhiteRD "71"]
[BlackElo "2197"]
[BlackRD "89"]
[GameID "383064"]

1. d4 Nf6 2. c4 e5 3. dxe5 Ng4 4. Nf3 Bc5 5. e3 Nc6 6. Be2 Ngxe5 7. O-O O-O 8. Nc3 Nxf3+ 9. Bxf3 Qh4 10. b3 Bd6
11. g3 Qd8 12. Bb2 Be5 13. Bg2 d6 14. Qc2 Re8 15. h3 Bd7 16. Rad1 f6 17. f4 Bxc3 18. Bxc3 Rxe3 19. Be1 Qc8 20. Kh2 Bf5
21. Qd2 Rd3 22. Qe2 Nd4 23. Qh5 g6 24. Qh4 Rxd1 25. Qxf6 Ne6 26. Bc3 Rxf1 27. Qh8+ Kf7 28. Qxh7+ Ke8 29. Qg8+ Nf8 30. Bg7 Re1
31. Qxf8+ Kd7 32. Qxc8+
1-0

[Event "England Cricket Team Tribute"]
[Site "SchemingMind.com"]
[Date "2015.07.07"]
[Round "-"]
[White "fu_manchu"]
[Black "Scooter"]
[Result "0-1"]
[WhiteCountry "CAN"]
[BlackCountry "USA"]
[WhiteElo "1797"]
[WhiteRD "74"]
[BlackElo "1713"]
[BlackRD "49"]
[GameID "383065"]

1. d4 Nf6 2. c4 g6 3. Nc3 Bg7 4. Nf3 O-O 5. e3 d6 6. g3 Bg4 7. Bg2 Nbd7 8. O-O e5 9. Qc2 c6 10. dxe5 Nxe5
11. Nxe5 dxe5 12. b4 Qc7 13. b5 c5 14. Ba3 Be6 15. Nd5 Bxd5 16. cxd5 Rfd8 17. Qxc5 Qxc5 18. Bxc5 Nxd5 19. Rac1 b6 20. Ba3 f5
21. e4 fxe4 22. Bxe4 Rab8 23. Rfd1 Nf6 24. Bc6 Bh6 25. Rc2 Rxd1+
0-1

[Event "England Cricket Team Tribute"]
[Site "SchemingMind.com"]
[Date "2015.07.07"]
[Round "-"]
[White "Stephen Woodhouse"]
[Black "fu_manchu"]
[Result "1/2-1/2"]
[WhiteCountry "ENG"]
[BlackCountry "CAN"]
[WhiteElo "1854"]
[WhiteRD "48"]
[BlackElo "1797"]
[BlackRD "74"]
[GameID "383066"]

1. e4 c5 2. c3 d6 3. d4 cxd4 4. cxd4 Nc6 5. Nf3 Nf6 6. Nc3 Bg4 7. Bb5 a6 8. Be2 e6 9. h3 Bh5 10. O-O Be7
11. Be3 O-O 12. Rc1 d5 13. e5 Nd7 14. Nh2 Bxe2 15. Qxe2 f6 16. exf6 Bxf6 17. Rfd1 Rc8 18. Ng4 Be7 19. f4 Nf6 20. Ne5 Qe8
21. a3 Nh5 22. Qf3 Nxe5 23. dxe5 Bc5 24. Bxc5 Rxc5 25. Ne2 Rxc1 26. Rxc1 g6 27. g4 Ng7 28. Kg2 g5 29. Qe3 gxf4 30. Nxf4 Qe7
31. Ne2 Qd7=
1/2-1/2

[Event "England Cricket Team Tribute"]
[Site "SchemingMind.com"]
[Date "2015.07.10"]
[Round "-"]
[White "fu_manchu"]
[Black "frankly"]
[Result "0-1"]
[WhiteCountry "CAN"]
[BlackCountry "ENG"]
[WhiteElo "1797"]
[WhiteRD "74"]
[BlackElo "2460"]
[BlackRD "56"]
[GameID "383067"]

1. e4 c5 2. Nf3 Nc6 3. d4 cxd4 4. Nxd4 e5 5. Nb5 d6 6. c4 Be7 7. N1c3 a6 8. Na3 f5 9. Nd5 fxe4 10. Nxe7 Ngxe7
11. Be2 O-O 12. O-O Nd4 13. Nc2 Nec6 14. Ne3 Nxe2+ 15. Qxe2 Nd4 16. Qd1 Qh4 17. Bd2 Rf6 18. Bc3 Rh6 19. h3 Nf3+ 20. gxf3 Qxh3
21. Qd5+ Kh8 22. Bxe5 Qh1#
0-1

[Event "England Cricket Team Tribute"]
[Site "SchemingMind.com"]
[Date "2015.07.07"]
[Round "-"]
[White "Robert Bruce"]
[Black "fu_manchu"]
[Result "1-0"]
[WhiteCountry "SCO"]
[BlackCountry "CAN"]
[WhiteElo "2238"]
[WhiteRD "63"]
[BlackElo "1797"]
[BlackRD "74"]
[GameID "383068"]

1. f4 d5 2. Nf3 Nc6 3. e3 f6 4. b3 e5 5. fxe5 Nxe5 6. Bb5+ Nc6 7. O-O Bg4 8. h3 Bh5 9. c4 dxc4 10. bxc4 Qd6
11. Ba3 Qe6 12. Nd4 Qf7 13. Qa4 Kd8 14. Bxc6 bxc6 15. Nxc6+ Kc8 16. Qa6+ Kd7 17. Ne5+
1-0

[Event "England Cricket Team Tribute"]
[Site "SchemingMind.com"]
[Date "2015.07.09"]
[Round "-"]
[White "William Lindberg"]
[Black "fu_manchu"]
[Result "1-0"]
[WhiteCountry "USA"]
[BlackCountry "CAN"]
[WhiteElo "2227"]
[WhiteRD "67"]
[BlackElo "1797"]
[BlackRD "74"]
[GameID "383069"]

1. c4 e5 2. Nc3 Nf6 3. Nf3 d6 4. e3 e4 5. Ng5 Bf5 6. d3 exd3 7. Bxd3 Bxd3 8. Qxd3 Nc6 9. O-O h6 10. Nf3 Qd7
11. Rd1 O-O-O 12. b3 g5 13. Bb2 g4 14. Nh4 Rg8 15. Nd5 Nxd5 16. cxd5 Ne5 17. Bxe5 dxe5 18. e4 Bc5 19. Nf5 h5 20. Rac1 Bb6
21. a4 a6 22. d6 Kb8 23. dxc7+ Bxc7 24. Qxd7 Rxd7 25. Rxd7
1-0